[Event "SVK-ch U18 rapid"]
[Site "Poprad"]
[Date "2025.05.03"]
[Round "4"]
[White "Badovsky, Adam"]
[Black "Kapinaj, Matus"]
[Result "0-1"]
[WhiteElo "1000"]
[BlackElo "1981"]
[PlyCount "70"]
[EventDate "2025.05.03"]
[EventType "swiss (rapid)"]
[EventRounds "7"]
[EventCountry "SVK"]
[SourceTitle "CB19_2025"]
[SourceDate "2025.05.07"]
[SourceVersion "1"]
[SourceVersionDate "2025.05.07"]
[SourceQuality "1"]

1. g3 e5 2. Bg2 d6 3. d3 Nf6 4. Nf3 h6 5. 0-0 g6 6. b3 Bg7 7. Bb2 0-0 8. c4 Nc6 9. a3 Nd7 10. b4 f5 11. b5 Ne7 12. e3 Nf6 13. a4 a5 14. Nc3 Rb8 15. Qb3 Be6 16. d4 e4 17. Nd2 c5 18. Rad1 Qc8 19. d5 Bd7 20. b6 Qd8 21. Nb5 Qxb6 22. f3 exf3 23. Bxf3 Rbe8 24. Rde1 Nc8 25. e4 fxe4 26. Bxe4 Nxe4 27. Rxf8+ Rxf8 28. Bxg7 Nxd2 29. Qd3 Nf3+ 30. Kf1 Ne5+ 31. Ke2 Nxd3 32. Kxd3 Bf5+ 33. Kc3 Kxg7 34. Rh1 Na7 35. Nxa7 Qb4# 0-1

[Event "SVK-ch U18 rapid"]
[Site "Poprad"]
[Date "2025.05.03"]
[Round "5"]
[White "Badovsky, Adam"]
[Black "Kulka, Michal"]
[Result "0-1"]
[WhiteElo "1000"]
[BlackElo "1624"]
[PlyCount "108"]
[EventDate "2025.05.03"]
[EventType "swiss (rapid)"]
[EventRounds "7"]
[EventCountry "SVK"]
[SourceTitle "CB19_2025"]
[SourceDate "2025.05.07"]
[SourceVersion "1"]
[SourceVersionDate "2025.05.07"]
[SourceQuality "1"]

1. g3 Nf6 2. Bg2 g6 3. d3 Bg7 4. Nf3 0-0 5. 0-0 Re8 6. b3 b6 7. Bb2 Bb7 8. c4 d6 9. Nc3 Nbd7 10. e4 e5 11. d4 Nxe4 12. Nxe4 Bxe4 13. dxe5 Bxf3 14. Bxf3 Rb8 15. Bc6 Bxe5 16. Bxe5 Rxe5 17. Bg2 Qe7 18. a4 Nf6 19. b4 Rd8 20. a5 bxa5 21. bxa5 d5 22. Qb3 dxc4 23. Qxc4 Qc5 24. Qxc5 Rxc5 25. Rfd1 Rxd1+ 26. Rxd1 Rxa5 27. Rc1 c5 28. Bc6 Kg7 29. h3 h6 30. Kg2 Nh5 31. Kf3 f5 32. Bd5 Nf6 33. Bb3 Ra3 34. Rxc5 Rxb3+ 35. Kg2 Ne8 36. g4 fxg4 37. hxg4 Ra3 38. Rc8 Kf7 39. f3 a5 40. Rc2 a4 41. Kg3 Ra1 42. f4 a3 43. g5 hxg5 44. fxg5 a2 45. Kf3 Rf1+ 46. Ke3 a1Q 47. Rf2+ Rxf2 48. Kxf2 Qc3 49. Ke2 Ke6 50. Kd1 Ke5 51. Ke2 Ke4 52. Kd1 Qb2 53. Ke1 Ke3 54. Kf1 Qf2# 0-1

[Event "SVK-ch U18 rapid"]
[Site "Poprad"]
[Date "2025.05.03"]
[Round "7"]
[White "Oravec, Sebastian Peter"]
[Black "Badovsky, Adam"]
[Result "1-0"]
[WhiteElo "1444"]
[BlackElo "1000"]
[PlyCount "115"]
[EventDate "2025.05.03"]
[EventType "swiss (rapid)"]
[EventRounds "7"]
[EventCountry "SVK"]
[SourceTitle "CB19_2025"]
[SourceDate "2025.05.07"]
[SourceVersion "1"]
[SourceVersionDate "2025.05.07"]
[SourceQuality "1"]

1. e4 d6 2. d4 g6 3. Nf3 Bg7 4. Bc4 Nf6 5. Nc3 0-0 6. Bf4 b6 7. Ng5 e6 8. e5 dxe5 9. Bxe5 c6 10. Qf3 Qe7 11. 0-0-0 Bb7 12. Nce4 c5 13. Rd3 Nxe4 14. Nxe4 f6 15. Bd6 Qxd6 16. Nxd6 Bxf3 17. gxf3 Rd8 18. Bxe6+ Kf8 19. Bd5 Nc6 20. Bxc6 Rac8 21. Nxc8 Rxc8 22. Bd7 Rd8 23. Bb5 f5 24. Re1 Bxd4 25. Re2 Rd5 26. Re8+ Kf7 27. Ra8 a5 28. Bc4 Ke6 29. Bxd5+ Kxd5 30. Ra7 h5 31. f4 Ke4 32. Re7+ Kxf4 33. Re6 b5 34. Rxg6 Bxf2 35. Rb3 b4 36. Ra6 c4 37. Rh3 Kg4 38. Rxh5 Kxh5 39. Rxa5 Kg4 40. Ra4 f4 41. Rxb4 f3 42. Rxc4+ Kh3 43. Kd2 Kg2 44. a4 Bb6 45. h4 f2 46. Rf4 Bc7 47. Rf7 f1Q 48. Rxf1 Kxf1 49. b4 Kf2 50. Kc3 Kf3 51. b5 Bb6 52. Kb4 Ke4 53. a5 Bf2 54. h5 Kf5 55. a6 Kg5 56. Ka5 Kxh5 57. b6 Bxb6+ 58. Kxb6 1-0